000
00324nam a22001457a 4500
008
221202b ||||| |||| 00| 0 eng d
020
_a
9780134627090
041
_a
eng
080
_2
TWELFTH EDITION
_a
159.9
082
_a
159.9
100
_a
25
101
_a
PSI
245
_a
DEVIANT BEHAVIOR
_c
THIO A
942
_2
udc
_c
BK
999
_c
59082
_d
59082